000 00560nam a2200217 i 4500
001 bg
100 1 _aVuorinen, Asko.
245 0 _aPlanning of optimal power systems /
_cAsko Vuorinen.
260 _aEspoo :
_bEkoenergo Oy,
_c2007.
300 _a309 s. :
_brys., wykr. ;
_c24 cm.
504 _aBibliogr. przy rozdz.
650 9 _aEnergetyka
_xzagadnienia
020 _a97895217410
040 _cBPK
041 0 _aeng
044 _aFIN
080 _a620.91/.93
920 _a978-952-1741-0
942 _cKS
008 s pl f |000 0 pol
999 _c54152
_d54152
856 _uhttp://koha.tu.koszalin.pl/cgi-bin/koha/opac-detail.pl?biblionumber=54152
_yKatalog online BPK